000
00289nam a22001337a 4500
003
SGT
020
_a
81-8204-061-2
082
_a
651.3
_b
SIN
100
_a
SINGH, DR. S.K.
245
_a
BUSINESS COMMUNICATION
260
_a
DELHI
_b
AMAN PUB.
_c
2010
300
_a
296
942
_2
ddc
_c
BK
_0
1
999
_c
21037
_d
21037